000 00621cam a22002293a 4500
001 38815
003 PGUSA
005 20140828083845.0
008 120209s2012||||xxu|||||s|||||000 | eng d
040 _aPGUSA
_beng
042 _adc
100 1 _aMiller, George A.
245 1 0 _aProwling about Panama
_h[electronic resource] /
_cGeorge A. Miller
260 _bProject Gutenberg,
_c2012
506 _aPublic domain in the USA.
516 _aElectronic text
700 1 _aBest, Alice
700 1 _aBest, A. W.
830 0 _aProject Gutenberg
_v38815
856 4 0 _uhttp://www.gutenberg.org/ebooks/38815
942 _cEB
999 _c268069
_d268069